00702nam a22001937a 450000500170000001000150001702000260003203500140005803700090007208200080008110000270008924500870011626000640020327000540026730000200032194200220034199900190036395201260038220260204122337.0 aENG-147736 a9789347764783c450.00 aEN-131267 bDBAD a500 aRamakrishna, G.987118 aA Primer of the Rigveda :cby G. Ramakrishna bScience and society in the making / aBengalurubNavakarnataka Publications Private Limitedc2025 aEmbassy Center, Crescent Road bBengalurue560001 a376p.b21cm(PB) 2ddccENh500mRAM c214666d214666 001040708NFICaJPbJPd2026-02-03eDBADg450.00l0o500 RAMpEN-131267r2026-02-03 00:00:00t1v450.00w2026-02-03yEN